00593nam a2200193Ia 4500008004100000020000700041082001400048100001900062245001800081250000700099260003700106300002300143500001900166600003300185650002500218942000700243952013200250999001700382240925s9999 xx 000 0 und d aNA a915.4 HAJ aHajazi, Naseem 0aPores K Hathi aNA aLahore:bJahangir Book DepotcNA a239p.b0fOriginal aIncludes Index aHumanities & Natural Science aGeography and travel cBK 001040708HUMaUITUbUITUd2015-02-10eAcademy Book Agencyg650.00l0o915.4 HAJpQ10098r2024-09-25 07:15:35w2024-09-25yBK c12597d12597